Statistics for The Red Quiz

Click here to take the quiz!

General Stats

  • This quiz has been taken 22 times
  • The average score is 12 of 12

Answer Stats

Answer% Correct
Apple
100%
Bricks
100%
Heart
100%
Mushroom
100%
Rose
100%
Socks
100%
Strawberry
100%
Tomatoes
100%
Cherries
95%
Meat
95%
Raspberry
95%
Ornament
65%

Score Distribution

Percentile by Number Answered

Percent of People with Each Score

Your Score History

You have not taken this quiz